000 00735nam a2200181 4500
001 118024
003 ES-MaACL
007 t|
008 070214s1930 py r ||||1| spa d
245 0 3 _aEl paraguayo independiente
_b: 1845-Abril 26-Septiembre 18 - 1852... /
_checha... bajo la dirección de la Comisión compuesta de los H. Diputados Nacionales Dr. Justo Pastor Benítez, Don César Augusto Vasconcellos y D. Eusebio Aveiro Lugo.
250 _a3ª ed.
260 _aAsunción (Paraguay) :
_b[s. n.],
_c1930 (
_fImp. Nacional)
300 _a651 p. ;
_c28 cm.
700 1 _aPastor Benítez, Justo.
_989496
700 1 _aAugusto Vasconcellos, César.
_923901
700 1 _aAveiro Lugo, Eusebio.
_923999
852 _aES-MaACL
_jC-7086
999 _c118024
_d118024